Revista de Derecho UNS : Año II - Número II.
Guardado en:
| Autor Corporativo: | |
|---|---|
| Formato: | Seriadas |
| Idioma: | Spanish |
| Publicado: |
Bahía Blanca :
Edi Uns,
2013
|
| Etiquetas: |
Agregar Etiqueta
Sin Etiquetas, Sea el primero en etiquetar este registro!
|
| LEADER | 00456nas a22001455a 4500 | ||
|---|---|---|---|
| 001 | DER.der012828 | ||
| 005 | 20190212103005.0 | ||
| 008 | 180615s2013####ag#||#|||||||||###||spa|| | ||
| 022 | |a 23140747 | ||
| 245 | 1 | 0 | |a Revista de Derecho UNS : |b Año II - Número II. |
| 260 | |a Bahía Blanca : |b Edi Uns, |c 2013 | ||
| 300 | |a 178 p. | ||
| 710 | 1 | |a Universidad Nacional del Sur |b Departamento de Derecho | |
| 859 | |a DERECHO |b BIB. DERECHO |p 007946 | ||
| 859 | |a DERECHO |b BIB. DERECHO |p 007947 | ||
